Моря советской Арктики / (Record no. 42263)
[ view plain ]
| 000 -LEADER | |
|---|---|
| fixed length control field | 01721nam a2200277 a 4500 |
| 001 - CONTROL NUMBER | |
| control field | 000126967 |
| 003 - CONTROL NUMBER IDENTIFIER | |
| control field | AM-YEHGA |
| 005 - DATE AND TIME OF LATEST TRANSACTION | |
| control field | 20250617122652.0 |
| 008 - FIXED-LENGTH DATA ELEMENTS--GENERAL INFORMATION | |
| fixed length control field | 990421s1984 ru ||||gr|||||||||0|rus|d |
| 040 ## - CATALOGING SOURCE | |
| Original cataloging agency | AM-YeHGA |
| 041 0# - LANGUAGE CODE | |
| Language code of text/sound track or separate title | rus |
| 090 ## - LOCALLY ASSIGNED LC-TYPE CALL NUMBER (OCLC); LOCAL CALL NUMBER (RLIN) | |
| -- | 42945 |
| 245 00 - TITLE STATEMENT | |
| Title | Моря советской Арктики / |
| Statement of responsibility, etc. | Под ред. И.С. Грамберга и Ю.Е. Погребицкого ; Под общ. ред. Е.А. Козловского. |
| 260 ## - PUBLICATION, DISTRIBUTION, ETC. | |
| Place of publication, distribution, etc. | Ленинград : |
| Name of publisher, distributor, etc. | Недра. Ленингр. отд-ние, |
| Date of publication, distribution, etc. | 1984. |
| 300 ## - PHYSICAL DESCRIPTION | |
| Extent | том |
| 505 ## - FORMATTED CONTENTS NOTE | |
| Miscellaneous information | Т. 9 (1984, 280 с.) |
| 550 ## - ISSUING BODY NOTE | |
| Issuing body note | М-во геологии СССР, Северное произв. объед. по морским геологоразв. работам "Севморгеология". Всесоюзный научно-исследовательский ин-т геологии и минеральных ресурсов мирового океана |
| 650 14 - SUBJECT ADDED ENTRY--TOPICAL TERM | |
| Topical term or geographic name entry element | Геология СССР |
| 650 14 - SUBJECT ADDED ENTRY--TOPICAL TERM | |
| Topical term or geographic name entry element | Моря - Геология |
| 700 1# - ADDED ENTRY--PERSONAL NAME | |
| Personal name | Грамберг, И.С. |
| Relator term | ред. |
| Relationship | edt |
| 700 1# - ADDED ENTRY--PERSONAL NAME | |
| Personal name | Погребицкий, Ю.Е. |
| Relator term | ред. |
| Relationship | edt |
| 700 1# - ADDED ENTRY--PERSONAL NAME | |
| Personal name | Козловский, Евгений Александрович. |
| Relator term | ред. |
| Relationship | edt |
| 710 2# - ADDED ENTRY--CORPORATE NAME | |
| Corporate name or jurisdiction name as entry element | Всесоюзный научно-исследовательский институт геологии и минеральных ресурсов мирового океана |
| 773 08 - HOST ITEM ENTRY | |
| Title | Геологическое строение СССР и закономерности размещения полезных ископаемых : В 10-ти т. |
| Place, publisher, and date of publication | Ленинград : Недра. Ленингр. отд-ние |
| Record control number | (AM, AiYeEPHG)000077501 |
| 942 ## - ADDED ENTRY ELEMENTS (KOHA) | |
| Source of classification or shelving scheme | Universal Decimal Classification |
| Koha item type | Գրքեր / Books |
| Withdrawn status | Lost status | Source of classification or shelving scheme | Damaged status | Not for loan | Collection | Home library | Current library | Date acquired | Serial enumeration / chronology | Total checkouts | Full call number | Barcode | Date last seen | Price effective from | Koha item type | Public note |
|---|---|---|---|---|---|---|---|---|---|---|---|---|---|---|---|---|
| Universal Decimal Classification | General | Fundamental Scientific Library | Fundamental Scientific Library | 21/12/2016 | Т. 9 | PIII/56329 | FL0408915 | 21/12/2016 | 21/12/2016 | Գրքեր / Books | 30 Days Loan |
ՀՀ Գիտությունների ազգային ակադեմիայի հիմնարար գիտական գրադարան = Fundamental Scientific Library of NAS RA
All site content, except where otherwise noted, is licensed under a